000 01446aab a2200217 i 4500
001 768714001
003 CO-MdFUSB
005 20250718143359.0
008 170517s1997 cr ||||| |||| 00| 0 spa d
040 _aCO-MdFUSB
_bspa
_cCO-MdFUSB
_dCO-MdFUSB
041 _aspa
100 1 _aRodgers, Delberto
_eautor
245 1 0 _a¿Cuándo puede considerarse fracasado un predicador?
_c/ Delberto Rodgers
246 _a¿Cuándo puede considerarse fracasado un pastor?
300 _a Volumen 14, número 4 (julio - septiembre, 1997), páginas: 44 - 47
_c; 27 cm
520 _aUn pastor es fracasado cuando: Compromete su predicación para halagar a los oyentes. -- Su predicación es débil y vacilante. -- Su predicación está carente de amor y compasión. -- Su corazón no siente una carga por las almas. -- Su predicación no dirige a la gente hacia Cristo. -- Su predicación está más dirigida a parecer elocuente y atractiva que a ser receptiva al Espíritu Santo. -- Se comporta de manera deshonesta con otros predicadores y sus ministerios. -- Es infiel a los votos de su matrimonio. -- Sus hijos no le respetan ni le obedecen. -- Le da más importancia a su paga que a la fiel obediencia a Dios, y al lugar donde el Señor le ha puesto.
650 0 _92014
_aLiderazgo
773 0 _tApuntes Pastorales
_049442
_960172
_gVolumen 14, número 4 (julio - septiembre, 1997), páginas: 44 - 47
_qpágina: 44
942 _cANA
945 _aJTF-925
999 _c58683
_d58683